• 首页
  • 本馆介绍
  • 公告通知
  • 最新文献
  • 馆藏检索
  • 电子资源
  • 读者导购
  • 参考咨询
  • 我的图书馆
  • 登录
  • 详细信息显示
  • 放入我的书架
  • 预约/预借图书
  • 作者相关作品
  • 分类相关作品
  • 丛书相关作品
  • 出版社相关作品

书目信息

  • 表格格式
  • 工作单格式
  • 卡片格式
题名:
信息化时代企业档案管理创新性研究
    
 
作者: 毕然, , 严梓侃, , 谭小勤, 著 ;黄嘉颖 , 胡伟航 编
分册:  
出版信息: 北京   新华出版社  2022.02
页数: 194页
开本: 24cm
丛书名:
单 册:
中图分类: G275.9
科图分类:
主题词: 企业管理--qi ye guan li--档案管理--研究
电子资源:
ISBN: 978-7-5166-6200-7
000 01572nam0 2200313 450
001 012001000702
005 20140131164150.0
010    @a978-7-5166-6200-7@dCNY65.00
099    @aCAL 012022046448
100    @a20220905d2022 em y0chiy50 ea
101 0  @achi
102    @aCN@b110000
105    @aa a 000yy
106    @ar
200 1  @a信息化时代企业档案管理创新性研究@Axin xi hua shi dai qi ye dang an guan li chuang xin xing yan jiu@f毕然, 严梓侃, 谭小勤著@g黄嘉颖, 胡伟航编
210    @a北京@c新华出版社@d2022.02
215    @a194页@c图@d24cm
314    @a毕然, 1962年7月出生, 女, 汉族, 山东文登人, 大学本科学历, 高级政工师、馆员, 广州市建筑集团有限公司副总经理。严梓侃, 1971年8月出生, 男, 汉族, 广东汕头人, 大学本科学历, 高级经济师。谭小勤, 1982年5月出生, 女, 汉族、四川泸州人, 档案学硕士研究生, 馆员。
320    @a有书目 (第192-194页)
330    @a本书以信息化时代为背景, 介绍了企业档案管理的基础知识, 并就企业档案工作的现状和问题进行了探讨, 深入研究信息化趋势对企业档案管理工作的挑战和影响。全书以企业档案管理工作为研究对象, 主要从企业档案技术创新、业务创新、管理模式创新等方面入手, 并通过实践案例, 阐述了在信息化时代, 企业充分利用信息化技术进行企业档案管理创新的策略并给出相应的措施。
606 0  @a企业管理@Aqi ye guan li@x档案管理@x研究
690    @aG275.9@v5
701  0 @a毕然,@Abi ran@f1962-@4著
701  0 @a严梓侃,@Ayan zi kan@f1971-@4著
701  0 @a谭小勤,@Atan xiao qin@f1982-@4著
702  0 @a黄嘉颖@Ahuang jia ying@4编
702  0 @a胡伟航@Ahu wei hang@4编
801  0 @aCN@bAHXH@c20221111
905    @b1364872-4@dG275.9@e247@f3
    
    信息化时代企业档案管理创新性研究/毕然, 严梓侃, 谭小勤著/黄嘉颖, 胡伟航编.-北京:新华出版社,2022.02
    194页:图;24cm
    
    
    ISBN 978-7-5166-6200-7:CNY65.00
    本书以信息化时代为背景, 介绍了企业档案管理的基础知识, 并就企业档案工作的现状和问题进行了探讨, 深入研究信息化趋势对企业档案管理工作的挑战和影响。全书以企业档案管理工作为研究对象, 主要从企业档案技术创新、业务创新、管理模式创新等方面入手, 并通过实践案例, 阐述了在信息化时代, 企业充分利用信息化技术进行企业档案管理创新的策略并给出相应的措施。
●
相关链接 在E读中查询图书 在五车中查询图书 在当当中查询图书 在豆瓣中查询图书


正题名:信息化时代企业档案管理创新性研究     索取号:G275.9/247         预约/预借

序号 登录号 条形码 馆藏地/架位号 状态 备注
1 1364872   213648720   第一样本阅览室/ [索取号:G275.9/247] 在馆    
2 1364873   213648739   第四借阅区/ [索取号:G275.9/247] 在馆    
3 1364874   213648748   第四借阅区/ [索取号:G275.9/247] 在馆    
唐山师范学院图书馆 欢迎您!
大连网信软件有限公司© 版权所有